Sex | Name |
M | Qui | | 98.1% | F | Quin, Quinn, Quinne, Quynn, Qwynn | | 97.2% | M | Quin, Quinn | | 97.2% | M | Que | | 96.5% | M | Qua | | 83.3% | F | Queen, Queene | | 82.8% | M | Queen | | 82.8% | M | Quint | | 80.2% | M | Quenten, Quentin, Quenton, Quentyn, Qwentin, Qwenton | | 74.1% | M | Quinnten, Quinntin, Quinnton, Quintan, Quinten, Quintin, Quinton, Quintyn, Quynton, Qwintin, Quienten, Quientin, Quienton | | 72.9% | F | Queenie | | 72.2% | M | Quent | | 71.9% | M | Quan, Quon | | 67.5% | M | Quincee, Quincey, Quinci, Quincy, Quinncy, Quiency, Qunicy | | 66.3% | F | Quincee, Quincey, Quinci, Quincie, Quincy | | 66% | F | Quentin | | 65.8% | F | Quan | | 65.3% | M | Qi | | 58% | M | Quinto | | 53.3% | F | Quinton | | 52.8% | F | Queena, Quina | | 43.6% | F | Quay | | 42% | M | Quay | | 42% | M | Quintae, Quintay, Quinte | | 41% | F | Quest | | 40.8% | M | Quest | | 40.8% | M | Quince | | 40.1% | F | Quinta | | 39.2% | M | Quinta | | 39.2% | F | Quila, Quilla | | 36.1% | F | Quana, Quanah, Quanna, Quannah, Quwana, Quwanna, Qwana | | 35.6% | M | Quy | | 35.6% | M | Quilla | | 30.2% | F | Qiana, Qianna, Qiona, Qiuana, Queana, Queanna, Quiana, Quianna, Quiona, Quionna, Quiyana | | 28.3% | M | Quade, Quaid | | 26.4% | F | Quinna | | 24.8% | M | Qualee, Quali | | 24.8% | F | Quian | | 24.3% | F | Quella | | 23.1% | M | Quinlan, Quinlen, Quinlin, Quinnlan | | 21.2% | F | Quinlan, Quinlyn, Quinlynn, Quinnlan, Quinnlyn, Quinnlynn | | 20.8% | M | Qian | | 20.8% | F | Quinlee, Quinley, Quinnley | | 20.3% | F | Quala | | 19.6% | F | Quanta | | 19.6% | M | Quanta | | 19.6% | F | Quinnie, Qunnie | | 19.1% | M | Quinnie | | 18.6% | F | Quita | | 18.2% | M | Quillan, Quillen, Quillon | | 17% | M | Quraan, Quran, Quron, Quaran, Quaron | | 16.5% | F | Quenna | | 16.3% | F | Quesha, Quiesha, Quisha | | 16% | F | Quanda, Quwanda, Qwanda | | 14.2% | F | Quante | | 13.4% | M | Quantae, Quantay, Quante | | 13.4% | F | Qiara, Qiarah, Quiara | | 13.2% | M | Qualan, Qualen, Qualin, Qualon, Qualyn | | 13.2% | M | Quess | | 13.2% | F | Quintana | | 13% | F | Quayla | | 12.3% | F | Quintina | | 11.6% | F | Qing | | 11.1% | F | Quasha | | 10.8% | M | Quintus | | 10.6% | F | Quida | | 10.4% | F | Quentina | | 10.1% | M | Quame | | 10.1% | M | Quillian | | 9.9% | M | Qwen | | 9.9% | F | Quanita, Qunita | | 9.7% | M | Queston | | 9.7% | M | Quinell, Quinnel | | 9.7% | F | Quran | | 9.2% | M | Qaasim, Qasem, Qasim, Quasim, Quaseem | | 9% | M | Quintel, Quintell | | 9% | M | Quang | | 8.7% | F | Quennie | | 8.5% | F | Quetzal | | 8.3% | F | Quillie | | 8.3% | M | Quetzal | | 8.3% | M | Quillie | | 8.3% | M | Quazi | | 8% | M | Quency | | 8% | F | Queta | | 7.8% | F | Quintell | | 7.8% | F | Quintesa, Quintessa | | 7.8% | F | Qierra, Quiera, Quierra | | 7.5% | F | Quintella | | 7.5% | F | Quanecia, Quaneesha, Quaneisha, Quanesha, Quaneshia, Quanesia, Quanicia, Quaniesha, Quanisha, Quanishia, Quannisha, Qwanesha, Qwanisha, Quneisha, Qunesha, Qunisha | | 7.3% | M | Quion | | 7.3% | M | Qaadir, Qadir, Quaadir, Quadeer, Quadere, Quadier, Quadir | | 7.1% | F | Quandra | | 6.8% | F | Quinette | | 6.8% | M | Quetzalcoatl | | 6.8% | M | Qadree, Qadry, Quadree, Quadri, Quadry | | 6.4% | M | Quaylan, Quaylen, Quaylon | | 6.4% | M | Quentine | | 6.4% | F | Quinetta, Quinnetta | | 6.1% |
|
Sex | Name |
M | Qamar, Quamar | | 6.1% | F | Quantina | | 5.9% | F | Quineisha, Quinesha, Quineshia, Quinisha, Quinnesha, Quinneshia, Quinnisha | | 5.9% | M | Quinden, Quindon | | 5.9% | M | Quoc | | 5.9% | M | Quirt | | 5.7% | F | Quintara, Quintera, Quinterra | | 5.4% | M | Quantas, Quantis | | 5.4% | M | Quantel | | 5.4% | F | Qamar | | 5.2% | F | Quantia | | 5.2% | F | Quessie | | 5.2% | F | Quinita, Quinnita | | 5.2% | F | Quintia | | 5.2% | M | Quanell, Qwanell | | 5.2% | M | Quantravious | | 5.2% | F | Quanetta | | 5% | F | Quashia, Quasia | | 5% | F | Querida | | 4.7% | M | Quido | | 4.5% | M | Quintine | | 4.2% | F | Quantella | | 4% | F | Quanza | | 4% | F | Quenia | | 4% | M | Quantre | | 4% | M | Quevin, Quevon | | 4% | F | Qadeera, Qadira, Qadirah, Quadira, Quadirah | | 3.8% | F | Quorra | | 3.8% | M | Quameer, Quameir, Quamere, Quamir, Quamire | | 3.8% | F | Quashawn, Quayshawn | | 3.5% | F | Quatina | | 3.5% | F | Quenita | | 3.5% | F | Quyen | | 3.5% | M | Quitin, Quiton | | 3.5% | M | Quyen | | 3.5% | F | Quartney, Quortney | | 3.3% | F | Queenell | | 3.3% | F | Queneisha, Quenesha, Queneshia, Quenisha | | 3.3% | F | Quenetta | | 3.3% | F | Quynh | | 3.3% | M | Quadre | | 3.3% | M | Quandell | | 3.3% | M | Quantavious, Quantavius, Quontavious | | 3.3% | M | Quashan, Quashaun, Quashon, Quashun, Qushawn, Quayshaun, Quayshawn, Quayshon, Quayshun, Quaysean, Quesean, Queshawn, Queshon, Quisean, Quishawn, Quasean | | 3.3% | M | Quentel | | 3.3% | M | Quindell | | 3.3% | M | Quisto | | 3.3% | F | Quenette | | 3.1% | M | Qamari, Quamari, Qmari, Qumari | | 3.1% | M | Quandre | | 3.1% | M | Quantrel, Quantrell | | 3.1% | M | Quavon, Quayvon | | 3.1% | M | Quitman | | 3.1% | F | Qualisha | | 2.8% | F | Quaneeka, Quaneka, Quanika | | 2.8% | F | Quashana, Quashanna, Quashawna | | 2.8% | F | Quatia | | 2.8% | F | Quiniya, Quiniyah, Quinya | | 2.8% | F | Quintesha, Quintisha | | 2.8% | M | Quirino | | 2.8% | M | Qujuan, Quwan | | 2.8% | F | Quaniya, Quaniyah | | 2.6% | F | Quanya | | 2.6% | F | Qwendolyn | | 2.6% | M | Qais, Qays | | 2.6% | M | Quaveon, Quavion | | 2.6% | M | Quazar | | 2.6% | M | Quinston | | 2.6% | M | Quintavious, Quintavius | | 2.6% | M | Qusai, Qusay | | 2.6% | F | Quantesha, Quantisha | | 2.4% | F | Quinessa | | 2.4% | F | Quintashia, Quintasia | | 2.4% | M | Quamel, Quamell | | 2.4% | M | Quanah | | 2.4% | M | Quennel, Quennell | | 2.4% | F | Quameisha, Quamesha, Quameshia, Quamisha | | 2.1% | F | Quantasia, Quantashia | | 2.1% | F | Queency | | 2.1% | F | Quinaya | | 2.1% | F | Quincella | | 2.1% | M | Qalid | | 2.1% | M | Quacy | | 2.1% | M | Quadarious, Quadarius, Quadarrius, Qudarius | | 2.1% | M | Quention | | 2.1% | M | Quillar | | 2.1% | M | Quintion | | 2.1% | M | Quintrel, Quintrell | | 2.1% | F | Quanaisha, Quanasia | | 1.9% | F | Quanasha | | 1.9% | F | Quanessa | | 1.9% | F | Quanice, Quaniece, Quanise | | 1.9% | F | Quaniqua | | 1.9% | F | Quanique | | 1.9% | F | Quatesha, Quatisha | | 1.9% | F | Quatrina | | 1.9% | F | Queenester | | 1.9% | F | Queenisha | | 1.9% | F | Queren | | 1.9% |
|
Sex | Name |
F | Quetzali, Quetzalli, Quetzally, Quetzaly | | 1.9% | F | Quintasha | | 1.9% | F | Quovadis | | 1.9% | M | Quasir | | 1.9% | M | Quason | | 1.9% | M | Quintarious, Quintarius, Quintarus, Quinterious, Quinterius, Quinterrious, Quinterrius | | 1.9% | F | Qualiyah | | 1.7% | F | Quantasha | | 1.7% | F | Quentella | | 1.7% | F | Quintavia | | 1.7% | M | Quadell | | 1.7% | M | Quartez | | 1.7% | M | Quintez | | 1.7% | F | Qadriyyah | | 1.4% | F | Quadasha | | 1.4% | F | Quashanda, Quashonda | | 1.4% | F | Queenasia | | 1.4% | M | Quaashie | | 1.4% | M | Quamon | | 1.4% | M | Quandarious, Quandarius, Quandarrius | | 1.4% | M | Quanterious, Quanterius, Quanterrious, Quanterrius, Quantarius | | 1.4% | M | Quanye | | 1.4% | M | Quentavious, Quentavius | | 1.4% | M | Quentrell | | 1.4% | M | Quinnshawn, Quinshawn, Quinshon | | 1.4% | M | Quintavion | | 1.4% | F | Quadaisha, Quadasia | | 1.2% | F | Quanae | | 1.2% | F | Quantavia | | 1.2% | F | Quantaya | | 1.2% | F | Quashay | | 1.2% | F | Quatashia, Quatasia | | 1.2% | F | Quentavia | | 1.2% | F | Quetcy, Quetzy | | 1.2% | F | Quimora | | 1.2% | F | Quinasia | | 1.2% | F | Quinsha | | 1.2% | F | Quinshay | | 1.2% | F | Quintaya | | 1.2% | F | Quintonia | | 1.2% | M | Quadrell | | 1.2% | M | Quamarion | | 1.2% | M | Quantavis | | 1.2% | M | Quantez, Quontez | | 1.2% | M | Quanzie | | 1.2% | M | Quarterrio, Quartterio | | 1.2% | M | Quatrell | | 1.2% | M | Quavious, Quaivius | | 1.2% | M | Quayon | | 1.2% | M | Quetin | | 1.2% | M | Quindarious, Quindarius, Quindarrius | | 1.2% | M | Quinzel, Quinzell | | 1.2% | F | Quadijah | | 0.9% | F | Quanteria | | 0.9% | F | Quantiana | | 0.9% | F | Quashayla | | 0.9% | F | Quateria | | 0.9% | F | Qubilah | | 0.9% | F | Quentasia | | 0.9% | F | Quiandra | | 0.9% | F | Quintoria | | 0.9% | F | Quynhanh | | 0.9% | F | Quynhnhu | | 0.9% | M | Qualiek, Qualik | | 0.9% | M | Quamae | | 0.9% | M | Quamain, Quamaine, Quamane, Quamayne | | 0.9% | M | Quanzell | | 0.9% | M | Quatavious, Quatavius | | 0.9% | M | Quavis | | 0.9% | M | Quentarius | | 0.9% | M | Quindale | | 0.9% | M | Quintero | | 0.9% | F | Quanshae, Quanshay | | 0.7% | F | Quatavia | | 0.7% | F | Quindara | | 0.7% | F | Quinteria, Quinterria | | 0.7% | M | Quameek | | 0.7% | M | Quarmaine | | 0.7% | M | Quartey | | 0.7% | M | Quatravious | | 0.7% | M | Quendarious, Quandarius | | 0.7% | M | Quintavis | | 0.7% | M | Quvondo | | 0.7% | F | Qorianka | | 0.5% | F | Quadeshia | | 0.5% | F | Quadreka | | 0.5% | F | Quanetra | | 0.5% | F | Quasheema | | 0.5% | F | Quiriat | | 0.5% | M | Quadair | | 0.5% | M | Quadrevion | | 0.5% | M | Quaheem | | 0.5% | M | Quamine | | 0.5% | M | Quatez | | 0.5% | M | Quavonte | | 0.5% | M | Quentez | | 0.5% | M | Quintonio | | 0.5% |
|
Comments